[Event "RSA-ch U08 Girls"]
[Site "Waterkloof"]
[Date "2015.04.04"]
[Round "1"]
[White "Bruintjies, Hailey Carla"]
[Black "De Villiers, Annemie"]
[Result "1-0"]
[WhiteElo "778"]
[BlackElo "582"]
[PlyCount "45"]
[EventDate "2015.04.04"]
[EventType "swiss"]
[EventRounds "9"]
[EventCountry "RSA"]
[SourceTitle "CBM 166 Extra"]
[Source "ChessBase"]
[SourceDate "2015.06.18"]
[SourceVersion "1"]
[SourceVersionDate "2015.06.18"]
[SourceQuality "1"]

1. c4 e5 2. Nc3 Bc5 3. e3 Nf6 4. Nf3 0-0 5. g3 d6 6. Bg2 Bf5 7. 0-0 Ng4 8. d4 exd4 9. exd4 Bb4 10. Nd5 Ba5 11. Bg5 Qd7 12. h3 f6 13. hxg4 fxg5 14. gxf5 Rxf5 15. Bh3 g4 16. Bxg4 Qf7 17. Bxf5 Qxf5 18. Qb1 Qxf3 19. Qc2 Na6 20. Qa4 Re8 21. Qxe8+ Qf8 22. Ne7+ Kh8 23. Qxf8# 1-0